Antigone (Record no. 30653)

MARC details
000 -LEADER
fixed length control field 00436nam a2200133 4500
050 ## - LIBRARY OF CONGRESS CALL NUMBER
Classification number 882.01 SOP/MUR
082 ## - DEWEY DECIMAL CLASSIFICATION NUMBER
Classification number 882.01
Item number SOP/MUR
041 ## - LANGUAGE CODE
Language code of text/sound track or separate title eng
100 ## - MAIN ENTRY--PERSONAL NAME
Personal name Sophocles (c496B.C.-406 B.C).
245 ## - TITLE STATEMENT
Title Antigone
Statement of responsibility, etc. by Sophocles; translated from the Greek into English rhyming verse with introduction and notes,by Gilbert Murray.
260 ## - PUBLICATION, DISTRIBUTION, ETC.
Place of publication, distribution, etc. London
Name of publisher, distributor, etc. George Allen & Unwin
Date of publication, distribution, etc. 1974
300 ## - PHYSICAL DESCRIPTION
Extent 95p.; 19cm.
710 ## - ADDED ENTRY--CORPORATE NAME
Corporate name or jurisdiction name as entry element Murray, Gilbert
Holdings
Withdrawn status Lost status Damaged status Not for loan Collection code Home library Current library Date acquired Total Checkouts Full call number Barcode Date last seen Price effective from Koha item type
          North Eastern Hill University North Eastern Hill University 24/11/2011   882.01 SOP/MUR 48091 24/11/2011 24/11/2011 Books